Strega Nona : (Record no. 8494)

MARC details
000 -LEADER
fixed length control field 01002cam a2200301 i 4500
001 - CONTROL NUMBER
control field 8494
003 - CONTROL NUMBER IDENTIFIER
control field FISKH
005 - DATE AND TIME OF LATEST TRANSACTION
control field 20250916081452.0
008 - FIXED-LENGTH DATA ELEMENTS--GENERAL INFORMATION
fixed length control field 750506s1975 njua j 000 0 eng
010 ## - LIBRARY OF CONGRESS CONTROL NUMBER
LC control number 75011565
020 ## - INTERNATIONAL STANDARD BOOK NUMBER
International Standard Book Number 0138516006 (lib. bdg.) :
Terms of availability $6.95
020 ## - INTERNATIONAL STANDARD BOOK NUMBER
International Standard Book Number 9780138516000
040 ## - CATALOGING SOURCE
Original cataloging agency DLC
Transcribing agency DLC
Modifying agency DLC
Language of cataloging eng
050 00 - LIBRARY OF CONGRESS CALL NUMBER
Classification number PZ8.1.D43
Item number St
082 00 - DEWEY DECIMAL CLASSIFICATION NUMBER
Classification number 398.2/2/0945
-- E
100 1# - MAIN ENTRY--PERSONAL NAME
Personal name DePaola, Tomie,
Dates associated with a name 1934-2020.
245 10 - TITLE STATEMENT
Title Strega Nona :
Remainder of title an old tale /
Statement of responsibility, etc. retold and illustrated by Tomie de Paola.
260 ## - PUBLICATION, DISTRIBUTION, ETC.
Place of publication, distribution, etc. New York :
Name of publisher, distributor, etc. Simon & Schuster Books,
Date of publication, distribution, etc. 1975.
300 ## - PHYSICAL DESCRIPTION
Extent 30 unnumbered pages :
Other physical details color illustrations ;
Dimensions 28 cm
505 ## - FORMATTED CONTENTS NOTE
Formatted contents note R<br/>
520 ## - SUMMARY, ETC.
Summary, etc. When Strega Nona leaves him alone with her magic pasta pot, Big Anthony is determined to show the townspeople how it works.
521 8# - TARGET AUDIENCE NOTE
Target audience note 730<br/>
Source Lexile AD<br/>
521 8# - TARGET AUDIENCE NOTE
Target audience note R<br/>
Source Raz-Plus<br/>
650 #1 - SUBJECT ADDED ENTRY--TOPICAL TERM
Topical term or geographic name entry element Folklore
Geographic subdivision Italy.
906 ## - LOCAL DATA ELEMENT F, LDF (RLIN)
a 7
b cbc
c orignew
d 1
e ocip
f 19
g y-gencatlg
942 ## - ADDED ENTRY ELEMENTS (KOHA)
Source of classification or shelving scheme Dewey Decimal Classification
Koha item type Books
Suppress in OPAC No
Holdings
Withdrawn status Lost status Source of classification or shelving scheme Damaged status Not for loan Collection Home library Current library Shelving location Date acquired Total Checkouts Full call number Barcode Date last seen Copy number Price effective from Koha item type
    Dewey Decimal Classification     Juvenile Fiction Footprints International School Library Network Toul Tom Poung Campus Footprints International School Library Network Toul Tom Poung Campus TTP Primary Orange Bookshelves 09/16/2025   DEP 398.220945 PZ8.D43 S FISBK057079 09/16/2025 1 09/16/2025 Books